Statistics for Harry Potter Spells

Click here to take the quiz!

General Stats

  • This quiz has been taken 52 times
  • The average score is 17 of 39

Answer Stats

ActionSpell% Correct
Kills an oponent, the unforgivable curseAvada Kedavra
97%
Tortures your opponent, another unforgivable curseCrucio
97%
Make an object fly to youAccio
95%
Creates a PatronusExpecto Patronum
92%
UnlocksAlohomora
89%
Creates a light at the tip of a wandLumos
86%
Knocks an object such as a weapon or wand out of an opponents handExpelliarmus
81%
Allows the user to gain complete control over another personImperio
81%
Stupefies the targetStupefy
78%
Makes an item swell upEngorgio
73%
Makes an object levitateWingardium Leviosa
73%
Douses a light, such as that created by LumosNox
70%
Repaires a broken itemReparo
70%
Petrifies the target totallyPetrificus Totalus
68%
Erases the memories of an event, making the person obliviousObliviate
65%
Starts a fireIncendio
54%
Makes a boggart assume a funny shape, thereby dipriving it of its power to scareRiddikulus
54%
Protects the userProtego
51%
Confuses the target temporarilyConfundus
46%
Lets the user look into the memories of another personLegilimens
35%
Makes the wand act like a compasPoint Me
30%
Blasts apart a solid object into little piecesReducto
30%
Conjures a snakeSerpensortia
27%
Immobilizes a targetImmobulus
24%
Slows down or stops something or someone that is coming at youImpedimenta
24%
Hides a secret in a persons soulFidelius
22%
Make a person curl up in laughter, as in tickling themRictusempra
22%
Amplifies the voice of the userSonorus
19%
Ends a spell or that is being castFinite Incantatum
16%
Makes flowers come out of the tip of the wandOrchideous
14%
Makes an opponent break out in boilsFurnunculus
11%
Locks the targets legs togetherLocomotor Mortis
11%
Makes a persons legs dance out of controlTarantallegra
11%
Brings a stunned person back to consciousnessRennervate
8%
Erases the evidence of the last spell cast by a wandDeletrius
5%
Makes the targets teeth grow out of controlDensaugeo
5%
Causes a human who has assumed an animal shape to rever to their human shapeHomorphus
3%
Reveals the last spell cast by a wandPrior Incantato
3%
Summons the Dark MarkMorsmordre/Morsmorde
0%

Score Distribution

Percentile by Number Answered

Percent of People with Each Score

Your Score History

You have not taken this quiz